书目信息 |
| 题名: |
新优秀作文大全
|
|
| 作者: | 丁波 主编 | |
| 分册: | ||
| 出版信息: | 广州 中山大学出版社 2003.07 |
|
| 页数: | 274页 | |
| 开本: | 20cm | |
| 丛书名: | 心育图书 | |
| 单 册: | ||
| 中图分类: | G624.243 | |
| 科图分类: | ||
| 主题词: | 教育--各级 | |
| 电子资源: | ||
| ISBN: | 7-306-02083-8 | |
| 000 | 00617nam0 2200217 450 | |
| 001 | 0857358610 | |
| 005 | 20080609170653.38 | |
| 010 | @a7-306-02083-8@dCNY12.00 | |
| 100 | @a20080609d2003 km y0chiy0120 ea | |
| 101 | 0 | @achi |
| 102 | @aCN@b440000 | |
| 200 | 1 | @a新优秀作文大全@Axin you xiu zuo wen da quan@f丁波主编@Fding bo zhu bian |
| 210 | @a广州@c中山大学出版社@d2003.07 | |
| 215 | @a274页@d20cm | |
| 225 | 2 | @a心育图书 |
| 410 | 0 | @12001 @a心育图书 |
| 606 | 0 | @a教育@x各级 |
| 690 | @aG624.243@v4 | |
| 701 | 0 | @a丁波@Ading bo@4主编 |
| 801 | 0 | @aCN@b山东省滨州职业学院图书馆@c20080609 |
| 905 | @aBZT@dG624.243@e1 | |
| 新优秀作文大全/丁波主编.-广州:中山大学出版社,2003.07 |
| 274页;20cm.-(心育图书) |
| ISBN 7-306-02083-8:CNY12.00 |
| ● |
| 相关链接 |
|
|
|
正题名:新优秀作文大全
索取号:G624.243/1
 
预约/预借
| 序号 | 登录号 | 条形码 | 馆藏地/架位号 | 状态 | 备注 |
| 1 | 674327 | 2000674327 | 中心书库北库/ 北库030架A面1列3层14/ [索取号:G624.243/1] | 在馆 | |
| 2 | 674328 | 2000674328 | 中心书库北库/ 北库030架A面1列3层17/ [索取号:G624.243/1] | 在馆 | |
| 3 | 674329 | 2000674329 | 中心书库北库/ 北库030架A面1列3层15/ [索取号:G624.243/1] | 在馆 | |
| 4 | 674330 | 2000674330 | 中心书库北库/ 北库030架A面1列3层16/ [索取号:G624.243/1] | 在馆 | |
| 5 | 674331 | 2000674331 | 中心书库北库/ 北库030架A面1列3层11/ [索取号:G624.243/1] | 在馆 | |
| 6 | 674332 | 2000674332 | 中心书库北库/ 北库030架A面1列3层13/ [索取号:G624.243/1] | 在馆 | |
| 7 | 674333 | 2000674333 | 中心书库北库/ 北库030架A面1列3层12/ [索取号:G624.243/1] | 在馆 | |
| 8 | 674334 | 2000674334 | 中心书库北库/ 北库030架A面1列3层20/ [索取号:G624.243/1] | 在馆 | |
| 9 | 674335 | 2000674335 | 中心书库北库/ 北库030架A面1列3层19/ [索取号:G624.243/1] | 在馆 | |
| 10 | 674336 | 2000674336 | 中心书库北库/ 北库030架A面1列3层18/ [索取号:G624.243/1] | 在馆 |